00555nam a2200193 a 4500001001300000003000900013005001700022008004100039020001000080082001800090100002200108245007300130260004400203300000900247500003500256505001700291650003100308700002200339nice12345678IN_TiNIC20260116013843.0050524s1995 newa grp 000 0 eng  ac63700a303.4827bALL aAllison, Robert J aCrescent Obscuredb the United States and the Muslim World 1776-1815 aNew YorkbOxford University Pressc1995 a266p aincludes index and biblioraphy2 aIndex, Notes aAfrica-North-relations U S1 aAllison, Robert J